| 000 | 00755nam a2200205 u 4500 | ||
|---|---|---|---|
| 005 | 20231111063634.0 | ||
| 008 | 090820s2005 es r 000 0 spa d | ||
| 020 | _a8495294745 | ||
| 035 | _aUPN01000171948 | ||
| 049 | _aCG | ||
| 050 | 4 |
_aLA543 _bS6.8 |
|
| 100 | 1 |
_aSantos, Boaventura de Sousa, _d1940- _941191 |
|
| 245 | 1 | 3 |
_aLa universidad en el siglo XXI : _bpara una reforma democrática y emancipadora de la universidad / _cBoaventura de Sousa Santos. |
| 260 |
_aMadrid : _bNiño y Dávila : _bLaboratorio de política públicas, _c2005. |
||
| 300 | _a86 p. | ||
| 440 | 0 | _aLibros del LPP | |
| 650 | 4 |
_aUNIVERSIDADES Y COLEGIOS - _zAMERICA LATINA - _xPLANIFICACION _916423 |
|
| 650 | 4 |
_aEducación superior _xFines y objetivos _910340 |
|
| 905 | _aLibro | ||
| 999 |
_c144052 _d144052 |
||